Srovnání systémů zdravotní péče ve vyspělých zemích.

Tri základné systémy zdravotnej starostlivosti vo vyspelých krajinách podľa toho, kto hradí rozhodujúci podiel výdavkov na zdravotnú starostlivosť: hradenie zo štátneho rozpočtu, z povinného nemocenského poistenia a systémy založené prevažne na súkromných zariadeniach. Charakteristika systému zdravo...

Ausführliche Beschreibung

Gespeichert in:
Bibliographische Detailangaben
1. Verfasser: Kopřivová, J.
Format: Buchkapitel
Sprache:Tschechisch
Schlagworte:
Tags: Tag hinzufügen
Keine Tags, Fügen Sie das erste Tag hinzu!

MARC

LEADER 00000naa a2200000 4500
001 r009992
005 20220831084719.2
041 0 |a cze 
044 |a [CS] 
245 1 0 |a Srovnání systémů zdravotní péče ve vyspělých zemích.  |c J. Kopřivová 
520 |a Tri základné systémy zdravotnej starostlivosti vo vyspelých krajinách podľa toho, kto hradí rozhodujúci podiel výdavkov na zdravotnú starostlivosť: hradenie zo štátneho rozpočtu, z povinného nemocenského poistenia a systémy založené prevažne na súkromných zariadeniach. Charakteristika systému zdravotníctva vo V. Británii, v USA, Rakúsku a v SRN. 
610 2 0 |a starostlivosť zdravotná 
610 2 0 |a zdravotníctvo 
610 2 0 |a západná Európa 
610 2 0 |a USA 
610 2 0 |a poistenie nemocenské 
100 1 |a Kopřivová, J.